000 00365cam a2200157ua 4500
003 OSt
008 250506b |||||||| |||| 00| 0 eng d
041 _aeng
082 _a624.17
_bBAN/ST
100 _aBansal, R K.
245 _aStrength of materials /
250 _a3 /
260 _aNew Delhi :
_bLaxmi Publications ,
_c1996.
300 _a1076 ; .
942 _cBK
999 _c368
_d368